000 00544nam a2200121Ia 4500
008 171212s9999 xx 000 0 und d
020 _a9781920942717
245 _ceditor Jha, Raghbendra
_aThe First Ten K R Narayanan Orations
_bEssays by Eminent Persons on the Rapidly Transforming Indian Economy
260 _bANU E Press
_c2006
650 _aIndia -- Economic conditions -- 1947-; India -- Economic policy -- 1947-; India -- Politics and government -- 1947-
650 _aPolitical Science
856 _uwww.jstor.org/stable/10.2307/j.ctt2jbknm
999 _c351359
_d351359